The Pentecostal movement in the Catholic Church. (Record no. 14159)

000 -LEADER
fixed length control field 00845nam a2200217 a 4500
001 - CONTROL NUMBER
control field :::00011983$&:&@@
003 - CONTROL NUMBER IDENTIFIER
control field OkBaRHE
005 - DATE AND TIME OF LATEST TRANSACTION
control field 20001102212336.0
008 - FIXED-LENGTH DATA ELEMENTS--GENERAL INFORMATION
fixed length control field s1971 j 000 0 eng u
040 ## - CATALOGING SOURCE
Transcribing agency
100 1# - MAIN ENTRY--PERSONAL NAME
Personal name O'Connor, Edward Dennis.
245 14 - TITLE STATEMENT
Title The Pentecostal movement in the Catholic Church.
260 ## - PUBLICATION, DISTRIBUTION, ETC. (IMPRINT)
Place of publication, distribution, etc Notre Dame, IN., :
Name of publisher, distributor, etc Ave Maria Press
Date of publication, distribution, etc 1971
300 ## - PHYSICAL DESCRIPTION
Extent 301 p. ;
Dimensions 22 cm.
650 ## - SUBJECT ADDED ENTRY--TOPICAL TERM
Topical term or geographic name as entry element Catholic Church
650 ## - SUBJECT ADDED ENTRY--TOPICAL TERM
Topical term or geographic name as entry element Pentecostalism
942 ## - ADDED ENTRY ELEMENTS (KOHA)
Source of classification or shelving scheme
Koha item type Books
Copies
Copy number Lost status Source of classification or shelving scheme Permanent Location Not for loan Barcode Damaged status Total Checkouts Shelving location Price effective from Current Location Date acquired Full call number Date last seen Date checked out Koha item type Withdrawn status
3  RHEMA Bible Training College 18467  General Stacks2010-04-14 2010-04-14BX 8763 .O252010-04-14 Books 
1  RHEMA Bible Training College 11983 1General Stacks2010-04-14RHEMA Bible Training College2010-04-14BX 8763 .O252012-02-072011-02-11Books 
2  RHEMA Bible Training College 16564 1General Stacks2010-04-14RHEMA Bible Training College2010-04-14BX 8763 .O252021-03-152019-10-28Books